| 000 | 00399nam a22001337a 4500 | ||
|---|---|---|---|
| 082 |
_a621.0216 _bCAR _cDON |
||
| 100 |
_aCarlse, Frances L. _941058 |
||
| 245 |
_aWho's who electronics buyers guide _cFrances L. carlsen & Kahi L. Graeser |
||
| 260 |
_aCanada.: _bHarris publising C. _c1999 |
||
| 300 | _a687p. | ||
| 526 |
_a0 _b0 _c0 _d621_021600000000000_CAR |
||
| 650 |
_aMCE _9379 |
||
| 942 |
_2ddc _cBK |
||
| 999 |
_c545257 _d545257 |
||